Censo electoral, 1921 / (Record no. 43074)

MARC details
000 -LEADER
campo de control de longitud fija 00380nam a2200145 i 4500
001 - NÚMERO DE CONTROL
campo de control 43074
003 - IDENTIFICADOR DE NÚMERO DE CONTROL
campo de control ES-MaACL
005 - FECHA Y HORA DE LA ÚLTIMA TRANSACCIÓN
campo de control 20230906160729.0
007 - CAMPO FIJO DE DESCRIPCIÓN FÍSICA--INFORMACIÓN GENERAL
campo de control de longitud fija t|
008 - DATOS DE LONGITUD FIJA--INFORMACIÓN GENERAL
campo de control de longitud fija 030314q1921 sp ||||1| spa d
110 2# - ENTRADA PRINCIPAL--NOMBRE DE ENTIDAD CORPORATIVA
Nombre de entidad corporativa o nombre de jurisdicción como elemento de entrada Universidad de Madrid.
9 (RLIN) 7205
245 10 - MENCIÓN DEL TÍTULO
Título Censo electoral, 1921 /
Mención de responsabilidad, etc. Universidad de Madrid.
260 ## - PUBLICACIÓN, DISTRIBUCIÓN, ETC.
Lugar de publicación, distribución, etc. [Madrid? :
Nombre del editor, distribuidor, etc. s.n.,
Fecha de publicación, distribución, etc. 1921?]
852 ## - LOCALIZACIÓN
Ubicación ES-MaACL
Número de control de estantería 1610-F-1
Holdings
Estatus retirado Estado de pérdida Estado de daño No para préstamo Colección Biblioteca de origen Biblioteca actual Ubicación en estantería Fecha de adquisición Fuente de adquisición Total de préstamos Signatura topográfica completa Código de barras Visto por última vez Precio de reemplazo Tipo de ítem Koha
        Colección de folletos Biblioteca del Ateneo de Madrid Biblioteca del Ateneo de Madrid Depósito folletos 17/01/2008     1610-F-1 1045338 23/02/2023 23/02/2023 Folleto